Earth surface processes, landforms and sediment deposits / (Record no. 11377)

MARC details
000 -LEADER
fixed length control field 01196cam a2200325 i 4500
001 - CONTROL NUMBER
control field 15406168
003 - CONTROL NUMBER IDENTIFIER
control field EG-ScBUE
005 - DATE AND TIME OF LATEST TRANSACTION
control field 20260331095331.0
008 - FIXED-LENGTH DATA ELEMENTS--GENERAL INFORMATION
fixed length control field 080809s2008 enkab f b 001 0 eng d
020 ## - INTERNATIONAL STANDARD BOOK NUMBER
International Standard Book Number 9780521857802 (hbk.)
020 ## - INTERNATIONAL STANDARD BOOK NUMBER
International Standard Book Number 0521857805 (hbk.)
035 ## - SYSTEM CONTROL NUMBER
System control number (OCoLC)ocn174130599
040 ## - CATALOGING SOURCE
Original cataloging agency UKM
Language of cataloging eng
Description conventions rda
Transcribing agency UKM
Modifying agency YDXCP
-- BTCTA
-- BAKER
-- BWKUK
-- BWX
-- IXA
-- DLC
082 04 - DEWEY DECIMAL CLASSIFICATION NUMBER
Classification number 551.3
Edition number 22
Item number BRI
100 1# - MAIN ENTRY--PERSONAL NAME
Personal name Bridge, J. S.,
Relator term author.
9 (RLIN) 4024
245 10 - TITLE STATEMENT
Title Earth surface processes, landforms and sediment deposits /
Statement of responsibility, etc John Bridge and Robert Demicco.
264 #1 - PUBLICATION, DISTRIBUTION, ETC. (IMPRINT)
Place of publication, distribution, etc Cambridge :
Name of publisher, distributor, etc Cambridge University Press,
Date of publication, distribution, etc [2008]
264 #1 - PUBLICATION, DISTRIBUTION, ETC. (IMPRINT)
Place of publication, distribution, etc c2008
300 ## - PHYSICAL DESCRIPTION
Extent xiii, 815 pages :
Other physical details illustrations (some color), maps ;
Dimensions 26 cm
336 ## - CONTENT TYPE
Source rdacontent
Content type term text
Content type code txt
337 ## - MEDIA TYPE
Media type term unmediated
Source rdamedia
Media type code n
338 ## - CARRIER TYPE
Carrier type term volume
Carrier type code nc
Source rdacarrier
504 ## - BIBLIOGRAPHY, ETC. NOTE
Bibliography, etc Includes bibliographical references and index.
650 #7 - SUBJECT ADDED ENTRY--TOPICAL TERM
9 (RLIN) 4025
Topical term or geographic name as entry element Sedimentation and deposition
Source of heading or term BUEsh
651 #7 - SUBJECT ADDED ENTRY--GEOGRAPHIC NAME
Geographic name Earth
General subdivision Surface.
Source of heading or term BUEsh
9 (RLIN) 4026
655 ## - INDEX TERM--GENRE/FORM
Form subdivision Reading book
700 1# - ADDED ENTRY--PERSONAL NAME
Personal name Demicco, Robert V.,
Relator term author.
9 (RLIN) 4027
942 ## - ADDED ENTRY ELEMENTS (KOHA)
Source of classification or shelving scheme Dewey Decimal Classification
Koha item type Book - Borrowing
Holdings
Withdrawn status Lost status Source of classification or shelving scheme Damaged status Not for loan Collection code Home library Current library Shelving location Date acquired Source of acquisition Cost, normal purchase price Serial Enumeration / chronology Total Checkouts Full call number Barcode Date last seen Price effective from Koha item type
    Dewey Decimal Classification     Baccah Central Library Central Library First floor 22/04/2009   468.00 7117   551.3 BRI 000016068 15/07/2025 22/04/2009 Book - Borrowing